| 000 | 00835nam a2200181Ia 4500 | ||
|---|---|---|---|
| 008 | 100920s9999 xx 000 0 und d | ||
| 082 |
_b66029 _a891.43 थ 93 |
||
| 100 | _aतिवारी कपिल. | ||
| 245 | _aप्रत्यय जनजातीय और लोक संस्कृति पर सम्वाद. | ||
| 260 |
_bमध्यप्रदेश आदिवासी लोक कला परिषद. _c1993 |
||
| 300 |
_a110 _bसाधी |
||
| 365 | _b40 | ||
| 520 | _aहिंदी. | ||
| 630 | _aप्रत्यय जनजातीय और लोक संस्कृति पर सम्वाद. | ||
| 650 | _aहिंदी. | ||
| 730 | _aप्रत्यय जनजातीय और लोक संस्कृति पर सम्वाद. | ||
| 942 | _cBOOK | ||
| 999 |
_c708724 _d708721 |
||